Fillo de Eva / (Record no. 12181)

MARC details
000 -LEADER
campo de control de longitud fija 00927nam a22002775i 4500
001 - NÚMERO DE CONTROL
campo de control 12181
003 - IDENTIFICADOR DE NÚMERO DE CONTROL
campo de control ES-MaACL
005 - FECHA Y HORA DE LA ÚLTIMA TRANSACCIÓN
campo de control 20251004063042.0
007 - CAMPO FIJO DE DESCRIPCIÓN FÍSICA--INFORMACIÓN GENERAL
campo de control de longitud fija t|
008 - DATOS DE LONGITUD FIJA--INFORMACIÓN GENERAL
campo de control de longitud fija 930531s1992 sp ||||0| spa j
020 ## - NÚMERO INTERNACIONAL ESTÁNDAR DEL LIBRO
Número Internacional Estándar del Libro 84-86046-54-8
040 ## - FUENTE DE CATALOGACIÓN
Centro catalogador/agencia de origen M-BN
Lengua de catalogación spa
Centro/agencia transcriptor M-BN
080 ## - NÚMERO DE LA CLASIFICACIÓN DECIMAL UNIVERSAL
Número de la Clasificación Decimal Universal 869.9-14"19"
100 1# - ENTRADA PRINCIPAL--NOMBRE DE PERSONA
Nombre de persona Carballo Calero, Ricardo,
Fechas asociadas al nombre 1910-1990
9 (RLIN) 35008
245 10 - MENCIÓN DEL TÍTULO
Título Fillo de Eva /
Mención de responsabilidad, etc. [edición de] Pilar Pallarés.
260 ## - PUBLICACIÓN, DISTRIBUCIÓN, ETC.
Lugar de publicación, distribución, etc. Ferrol :
Nombre del editor, distribuidor, etc. Sociedad de Cultura Valle-Inclán,
Fecha de publicación, distribución, etc. 1992.
300 ## - DESCRIPCIÓN FÍSICA
Extensión 221 p ;
Dimensiones 21 cm.
490 1# - MENCIÓN DE SERIE
Mención de serie Colección Esquío de poesía ;
Designación de volumen o secuencia 48
500 ## - NOTA GENERAL
Nota general En la cub., además: (88 poemas de Ricardo Carvalho Calero)
504 ## - NOTA DE BIBLIOGRAFÍA, ETC.
Nota de bibliografía, etc. Bibliografía: p. 219-221.
700 1# - ENTRADA AGREGADA--NOMBRE PERSONAL
Nombre de persona Pallarés, Pilar.
9 (RLIN) 88576
710 2# - ENTRADA AGREGADA--NOMBRE DE ENTIDAD CORPORATIVA
Nombre de entidad corporativa o nombre de jurisdicción como elemento de entrada Sociedad de Cultura Valle-Inclán.
9 (RLIN) 6664
830 0# - PUNTO DE ACCESO ADICIONAL DE SERIE-TÍTULO UNIFORME
Título uniforme Colección Esquío de poesía ;
Designación de volumen o secuencia 48
9 (RLIN) 179209
852 ## - LOCALIZACIÓN
Ubicación ES-MaACL
Número de control de estantería L-19501
Sublocalización o colección R.121521
Holdings
Estatus retirado Estado de pérdida Estado de daño No para préstamo Biblioteca de origen Biblioteca actual Ubicación en estantería Fecha de adquisición Fuente de adquisición Total de préstamos Signatura topográfica completa Código de barras Visto por última vez Precio de reemplazo Tipo de ítem Koha
        Biblioteca del Ateneo de Madrid Biblioteca del Ateneo de Madrid Depósito 2 17/01/2008     L-19501 1012410 23/02/2023 23/02/2023 Libro impreso